Modern methods of construction (MMC) in housing (Record no. 106874)
[ view plain ]
| 000 -LEADER | |
|---|---|
| fixed length control field | 00929cam a22002775a 4500 |
| 001 - CONTROL NUMBER | |
| control field | L137694 |
| 008 - FIXED-LENGTH DATA ELEMENTS--GENERAL INFORMATION | |
| fixed length control field | 070424s2007 xxko f 000 0 eng d |
| 020 ## - INTERNATIONAL STANDARD BOOK NUMBER | |
| International Standard Book Number | 9781860819629 |
| 035 ## - SYSTEM CONTROL NUMBER | |
| System control number | (Sirsi) u137694 |
| 041 0# - LANGUAGE CODE | |
| Language code of text/sound track or separate title | eng |
| 050 04 - LIBRARY OF CONGRESS CALL NUMBER | |
| Classification number | 693.97 $2 18 |
| 100 1# - MAIN ENTRY--PERSONAL NAME | |
| Personal name | Gaze, Christopher |
| 245 00 - TITLE STATEMENT | |
| Title | Modern methods of construction (MMC) in housing |
| Remainder of title | planning for manufactured housing |
| 260 ## - PUBLICATION, DISTRIBUTION, ETC. | |
| Place of publication, distribution, etc. | Watford |
| Name of publisher, distributor, etc. | BRE |
| Date of publication, distribution, etc. | 2007 |
| 300 ## - PHYSICAL DESCRIPTION | |
| Extent | 6p. |
| Other physical details | ill. |
| Dimensions | 30cm. |
| 490 #0 - SERIES STATEMENT | |
| Series statement | BRE Information Paper |
| Volume/sequential designation | 3/07 Part 2 |
| 490 #0 - SERIES STATEMENT | |
| Series statement | Modern methods of construction (MMC) in housing |
| Volume/sequential designation | Part 2 |
| 520 ## - SUMMARY, ETC. | |
| Summary, etc. | Discusses key aspects of modern methods of construction (MMC). Focuses on how Registered Social Landlords need to plan for the use of MMC. |
| 590 ## - LOCAL NOTE (RLIN) | |
| Local note | KA |
| 651 #4 - SUBJECT ADDED ENTRY--GEOGRAPHIC NAME | |
| Geographic name | United Kingdom |
| Chronological subdivision | |
| 690 ## - LOCAL SUBJECT ADDED ENTRY--TOPICAL TERM (OCLC, RLIN) | |
| Topical term or geographic name as entry element | BUILT ENVIRONMENT-CONSTRUCTION DESIGN |
| 700 1# - ADDED ENTRY--PERSONAL NAME | |
| Personal name | Ross, Keith |
| 700 1# - ADDED ENTRY--PERSONAL NAME | |
| Personal name | Nowak, Fran |
| 700 1# - ADDED ENTRY--PERSONAL NAME | |
| Personal name | Nolan, Eanna |
| 942 ## - ADDED ENTRY ELEMENTS (KOHA) | |
| Suppress in OPAC | 0 |
| Withdrawn status | Lost status | Source of classification or shelving scheme | Damaged status | Not for loan | Home library | Current library | Shelving location | Date acquired | Total Checkouts | Full call number | Barcode | Date last seen | Date last checked out | Copy number | Price effective from | Koha item type |
|---|---|---|---|---|---|---|---|---|---|---|---|---|---|---|---|---|
| Dewey Decimal Classification | London | London | Enquiry desk | 27/07/2007 | 7 | ENQUIRY DESK | 30071056 | 06/08/2019 | 28/04/2009 | 1 | 06/08/2019 | Book |